| 000 | 00688nam a2200193 i 4500 | ||
|---|---|---|---|
| 001 | 187717 | ||
| 003 | ES-MaACL | ||
| 005 | 20251014063302.0 | ||
| 008 | 180205s1925 sp |||| | spa d | ||
| 100 | 1 |
_aRibera, José Eugenio, _d1864-1936 _996777 |
|
| 245 | 1 | 0 |
_aGeneralidades, muros y pequeñas obras / _cpor José Eugenio Ribera. |
| 260 |
_a[S.l.] : _b[s.n.], _c1925 ( _e[Madrid : _fVoluntad]) |
||
| 300 |
_a323 p., 20 h. de lám. : _bil. ; _c25 cm. |
||
| 490 | 1 |
_aPuentes de fábrica y hormigón armado ; _v1 |
|
| 650 | 4 |
_aConstrucción. _911295 |
|
| 830 | 0 |
_aPuentes de fábrica y hormigón armado ; _v1 _9192816 |
|
| 852 |
_aES-MaACL _jA-1338 |
||
| 999 |
_c187717 _d187717 |
||